| 000 | 00462pam a2200169 a 4500 | ||
|---|---|---|---|
| 020 | _a007061184X | ||
| 040 | _cDLC | ||
| 082 | 0 | 0 | _a573 MCG 1993 A035 Or. |
| 100 | 1 | _aStein, Philip L. | |
| 245 | 1 | 0 | _aPhysical anthropology / |
| 250 | _a5th ed. | ||
| 260 |
_aNew York : _bMcGraw-Hill, _cc1993. |
||
| 300 |
_a1 v. (various pagings) : _bill. (some col.), maps (some col.) ; _c26 cm. |
||
| 650 | 0 | _aPhysical anthropology. | |
| 700 | 1 | _aRowe, Bruce M. | |
| 942 | _cEK | ||
| 999 |
_c12603 _d12603 |
||